Nuevas tecnologías: ¿bipolarización de empleos e ingresos del trabajo?/
Sábháilte in:
| Príomhchruthaitheoir: | |
|---|---|
| Formáid: | LEABHAR |
| Teanga: | Spanish |
| Rochtain ar líne: | texto completo desde el sitio de la revista |
| Clibeanna: |
Cuir clib leis
Níl clibeanna ann, Bí ar an gcéad duine le clib a chur leis an taifead seo!
|
MARC
| LEADER | 00000nam a22000007a 4500 | ||
|---|---|---|---|
| 003 | cru CIDCACS/IIS | ||
| 005 | 20191004155711.0 | ||
| 007 | ta | ||
| 008 | 191004s2018 mx |||p|r||||||0| ||spa|d | ||
| 999 | |c 42451 |d 42451 | ||
| 040 | |c cru CIDCACS/IIS | ||
| 100 | 1 | |9 8643 |a Pierre Salama | |
| 245 | 1 | 1 | |a Nuevas tecnologías: ¿bipolarización de empleos e ingresos del trabajo?/ |c Pierre Salama |
| 300 | |a páginas 3-25: |b tablas, gráficos | ||
| 856 | |u https://www.probdes.iiec.unam.mx/index.php/pde/article/view/64825/59097 |y texto completo desde el sitio de la revista | ||
| 942 | |2 ddc |c PP | ||
| 773 | 0 | |0 19182 |9 2911 |a Universidad Nacional Autónoma de México. |d México, D.F.: UNAM, 1969- |o 17050 |t Problemas del desarrollo: |x 03017036 | |
